000 00613nam a2200241Ia 4500
003 OSt
005 20221005132321.0
006 a|||||r|||| 00| 0
007 ta
008 221004b |||||||| |||| 00| 0 tam d
024 _a48115
037 _cTextual
040 _aCRL
_cCRL
_btam
041 _2tam
_atam
082 _aO31,1C53:gx1, L2.1-3
100 _aValluvar Au.
_9640915
245 0 _aThirukkural
260 _c1972
650 _a TAMIL POETRY
650 _aTAMIL LITERATURE
942 _hO31,1C53:gx1, L2.1-3
_cTEXL
_2cc
999 _c1063241
_d1063241